000 00440cam a22001217a 4500
008 180718b-- xxu||||| |||| 00| 0 eng d
082 _aL84x54 In2u
245 _aUnion and state finances at a glance
_cby Comptroller and Auditor General of India
260 _aNew Delhi
_bComptroller and Auditor General of India
_c--
500 _aLibrary has 2007/08, 2010/11
650 _aAuditing - India
700 _aComptroller and Auditor General of India
999 _c492749
_d492749